Sustainable environmental management

Bibliographic Details
Other Authors: Gangawane, L.V, Khilare, V.C
Format: Book
Published: New Delhi : Daya Publishing House , 2007
Subjects:

MARC

LEADER 00000cam a2200000 7i4500
001 0000023060
005 20120223.0
008 080818
020 |a 8170354749 
090 0 0 |a 333.7   |b SUS 
245 1 0 |a Sustainable environmental management   |c editors by Dr.L.V.Gangawane   |f Dr.V.C.Khilare 
260 |a New Delhi :   |b Daya Publishing House ,   |c 2007 
650 0 |a Economic development   |x environmental aspects 
650 0 |a Environmental management   |x developing countries 
700 1 |a Gangawane, L.V. 
700 1 |a Khilare, V.C 
999 |a 0001023281   |b Book   |c Adult Collection   |e Cawangan Urban Transformation Centre 
999 |a 0001024347   |b Book   |c REFERENCE   |e Perbadanan Perpustakaan Awam Johor